banner koha

Economia domestica ainda a procura de identidade (Registro n. 319089)

MARC details
000 -LÍDER
campo de controle de tamanho fixo 00995naa a22002777a 4500
001 - NÚMERO DE CONTROLE
campo de controle BR8801806
003 - IDENTIFICADOR DO NÚMERO DE CONTROLE
campo de controle BR-BrBNA
005 - DATA E HORÁRIO DA ÚLTIMA TRANSAÇÃO
campo de controle 20240918175958.0
007 - CAMPO FIXO DE DESCRIÇÃO FÍSICA--INFORMAÇÃO GERAL
campo de controle de tamanho fixo ta
008 - CAMPO DE DADOS FIXOS--INFORMAÇÃO GERAL
campo de controle de tamanho fixo 230509b bl.||||| |||| 00| 0 por d
040 ## - FONTE DA CATALOGAÇÃO
Instituição da catalogação original BR-BrBNA
Idioma da catalogação por
Instituição que transcreveu o registro Biblioteca Nacional de Agricultura
041 ## - CÓDIGO DE IDIOMA
Código do idioma do texto/trilha sonora ou título diferente (Pt)
072 ## - CÓDIGO DE CATEGORIA DE ASSUNTO
Código de Categoria de Assunto E80
090 ## - NÚMERO DE CHAMADA LOCAL
Número de chamada E80 BR8801806
100 1# - ENTRADA PRINCIPAL--NOME PESSOAL
Nome pessoal Lopes, M. de F.
100 1# - ENTRADA PRINCIPAL--NOME PESSOAL
Nome pessoal Queiroz, M.E.R. de
100 1# - ENTRADA PRINCIPAL--NOME PESSOAL
Nome pessoal Farias, N.M.
111 1# - ENTRADA PRINCIPAL--NOME DO EVENTO
Nome do evento ou lugar 8. Congresso Brasileiro de Economia Domestica
Local do evento Recife, PE (Brazil)
Data do evento ou assinatura do tratado 22-26 Jul 1985
245 1# - TÍTULO
Título Economia domestica ainda a procura de identidade
260 3# - PUBLICAÇÃO, DISTRIBUIÇÃO, ETC.
Local de publicação, distribuição, etc. Recife, PE (Brasil):
Data da publicação, distribuição, etc. 1985.
500 ## - NOTA GERAL
Nota geral Anais do 8. Congresso Brasileiro de Economia Domestica<br/>Recife, PE (Brasil): 1985. p. 172-173<br/>(BR8801806-AM)E80<br/>
650 ## - ASSUNTO--TERMO TÓPICO
Cabeçalho tópico ou nome geográfico ECONOMIA DOMESTICA
773 0# - ENTRADA ANALÍTICA
Título Anais do 8. Congresso Brasileiro de Economia Domestica
Número de controle do registro E80 BR8801806
Partes relacionadas Recife, PE (Brasil), 1985. p. 172-173
909 ## -
-- 202404
-- Lucia
-- 55
-- Lucia Elande
942 ## - ELEMENTOS DE ENTRADA ADICIONADOS (KOHA)
Tipo de material Koha Capítulo-Livro
Fonte da classificação ou esquema de arquivamento na estante Classificação AGRIS
Exemplares
Situação do descarte Fonte da classificação ou esquema de arquivamento na estante Situação física Não pode ser emprestado Coleção Biblioteca de origem Biblioteca atual Localização na estante Total de empréstimos Número de telefone completo Data de último acesso Número do exemplar Tipo de material Koha Situação das perdas Data de aquisição Fonte de aquisição
  Classificação AGRIS       Biblioteca Nacional de Agricultura - Binagri Biblioteca Nacional de Agricultura - Binagri Agrobase - Acervo Geral   5300 BR9800186 20/05/2024 01 Capítulo-Livro   2024-04-11 Portaria Interministerial nº 164/94

BINAGRI

Telefone: (61)3218-2567/2388/3357/2097 - binagri@agro.gov.br

Ministério da Agricultura e Pecuária , Esplanada dos Ministérios, Bloco D, Anexo B, Brasília/DF, CEP: 70.043-900